000 00354nam a22001577a 4500
003 SGT
020 _a9789395736473
082 _a614
_bC23B
100 _aBHALWAR, RAJIV
245 _aTB. OF COMMUNITY MEDICINE
250 _a5TH
260 _aINDIA
_bWOLTERS KLUWER PUB
_c2023
300 _a1035
650 _aCOMMUNITYU MEDICINE
942 _2ddc
_cBK
999 _c30680
_d30680